[Event "Steinfurt Bezirksklasse 0607"]
[Site "Germany"]
[Date "2007.04.14"]
[Round "7.6"]
[White "Naber, Fabian"]
[Black "Poepper, Florian"]
[Result "0-1"]
[WhiteElo "786"]
[BlackElo "1412"]
[PlyCount "28"]
[EventDate "2006.09.30"]
[EventType "team-tourn"]
[EventRounds "7"]
[EventCountry "GER"]
[SourceTitle "EXT 2008"]
[Source "ChessBase"]
[SourceDate "2007.11.25"]
[SourceVersion "1"]
[SourceVersionDate "2007.11.25"]
[SourceQuality "1"]
[WhiteTeam "Neuenkirchen II"]
[BlackTeam "Steinfurt IV"]
[WhiteTeamCountry "GER"]
[BlackTeamCountry "GER"]

1. e4 e5 2. Nf3 Nc6 3. Bc4 Bc5 4. d3 d6 5. Ng5 Nh6 6. 0-0 Na5 7. b3 Bg4 8. Nf3 a6 9. h3 Bh5 10. Bxh6 gxh6 11. g4 Rg8 12. Qd2 Nxc4 13. bxc4 Qf6 14. g5 Qxf3 0-1

[Event "Steinfurt Bezirksklasse 0607"]
[Site "Germany"]
[Date "2007.03.17"]
[Round "6.6"]
[White "Poepper, Florian"]
[Black "Papasimakopoulos, Vasilios"]
[Result "0-1"]
[WhiteElo "1412"]
[BlackElo "1122"]
[PlyCount "100"]
[EventDate "2006.09.30"]
[EventType "team-tourn"]
[EventRounds "7"]
[EventCountry "GER"]
[SourceTitle "EXT 2008"]
[Source "ChessBase"]
[SourceDate "2007.11.25"]
[SourceVersion "1"]
[SourceVersionDate "2007.11.25"]
[SourceQuality "1"]
[WhiteTeam "Steinfurt IV"]
[BlackTeam "Nordwalde III"]
[WhiteTeamCountry "GER"]
[BlackTeamCountry "GER"]

1. d4 d5 2. c4 Nf6 3. Nc3 Bf5 4. Bg5 e6 5. e3 c5 6. Nf3 h6 7. Bh4 Nc6 8. Qb3 Qb6 9. Qxb6 axb6 10. Nb5 Rc8 11. Bxf6 gxf6 12. a3 e5 13. cxd5 Na5 14. b4 Nb3 15. Ra2 cxb4 16. axb4 Bxb4+ 17. Ke2 Nc1+ 18. Kd1 Nxa2 19. dxe5 fxe5 20. Nxe5 Rc1+ 21. Ke2 Re1+ 22. Kf3 f6 23. Nc4 Bd3 24. Bxd3 Rxh1 25. Nbd6+ Bxd6 26. Nxd6+ Kd7 27. Nxb7 Rb8 28. Bb5+ Kc7 29. d6+ Kxb7 30. h3 Rd8 31. d7 Nc3 32. Bd3 Rxd7 33. Bf5 Rd2 34. Kg3 Rf1 35. f3 Rff2 36. Kf4 Rxg2 37. Bg4 b5 38. e4 b4 39. e5 fxe5+ 40. Kxe5 b3 41. Kf4 Rxg4+ 42. Kxg4 b2 43. h4 b1Q 44. h5 Rg2+ 45. Kf4 Qb4+ 46. Kf5 Rg5+ 47. Kf6 Qd6+ 48. Kf7 Re5 49. f4 Re7+ 50. Kf8 Qd8# 0-1

[Event "Steinfurt Bezirksklasse 0405"]
[Site "Germany"]
[Date "2004.11.27"]
[Round "4.7"]
[White "Roewekamp, Andre"]
[Black "Poepper, Florian"]
[Result "1/2-1/2"]
[WhiteElo "1155"]
[BlackElo "989"]
[PlyCount "150"]
[EventDate "2004.09.18"]
[EventType "team-tourn"]
[EventRounds "11"]
[EventCountry "GER"]
[SourceTitle "EXT 2006"]
[Source "ChessBase"]
[SourceDate "2005.11.24"]
[SourceVersion "1"]
[SourceVersionDate "2005.11.24"]
[SourceQuality "1"]
[WhiteTeam "Reckenfeld II"]
[BlackTeam "Steinfurt IV"]
[WhiteTeamCountry "GER"]
[BlackTeamCountry "GER"]

1. e4 e5 2. Nf3 Nf6 3. Nc3 Nc6 4. Bc4 h6 5. 0-0 Bb4 6. d3 Bxc3 7. bxc3 d5 8. exd5 Nxd5 9. Qe1 Qd6 10. Bb5 Bd7 11. Bxc6 Qxc6 12. Qxe5+ Kf8 13. Ba3+ Kg8 14. c4 Nf6 15. Bb2 Kh7 16. Qf4 Rhf8 17. Nd4 Qd6 18. Qc1 Ng4 19. g3 c5 20. Nb3 b6 21. Qd1 Rae8 22. Qf3 Qc6 23. Qf4 g5 24. Qd2 Qf3 25. Qc3 f6 26. d4 Qxc3 27. Bxc3 cxd4 28. Bxd4 Be6 29. c5 Bxb3 30. cxb3 Re4 31. Rad1 Rd8 32. Bc3 Rxd1 33. Rxd1 bxc5 34. f3 Re3 35. Rd7+ Kg6 36. fxg4 Rxc3 37. Rxa7 Rc1+ 38. Kg2 Rc2+ 39. Kh3 h5 40. gxh5+ Kxh5 41. g4+ Kg6 42. Ra5 c4 43. bxc4 Rc3+ 44. Kg2 Rxc4 45. h3 Rc2+ 46. Kg3 Rc3+ 47. Kg2 Rc2+ 48. Kf3 Rc3+ 49. Ke4 Rxh3 50. a4 Rh4 51. Kf3 Rh3+ 52. Ke4 Rg3 53. Ra8 Rxg4+ 54. Kf3 Rf4+ 55. Kg3 Kf5 56. a5 Ra4 57. a6 Ra3+ 58. Kf2 g4 59. a7 Kf4 60. Rf8 Rxa7 61. Rxf6+ Kg5 62. Rf8 Rg7 63. Kg3 Rg6 64. Rf4 Kh5 65. Rf5+ Rg5 66. Rf4 Rg6 67. Rf5+ Rg5 68. Rf4 Rg8 69. Rf5+ Rg5 70. Rf4 Rg7 71. Rf5+ Rg5 72. Rf4 Rg6 73. Rf5+ Rg5 74. Rf4 Rg7 75. Rf5+ Rg5 1/2-1/2